000
00255nam a22001217a 4500
082
_a
823
_b
DAV/B
100
_a
DAVID, MARY T
245
_a
THE BLACK TULIP
260
_a
BANGALORE
_b
B-I
_c
1998
300
_a
116
650
_a
ENGLISH STORY
_z
INDIA
942
_c
BK
999
_c
7376
_d
7376